书目信息 |
| 题名: |
高校体育
|
|
| 作者: | ;四川省教委 编 | |
| 分册: | ||
| 出版信息: | 成都 四川大学出版社 1988.8 |
|
| 页数: | 246页 | |
| 开本: | 26厘米 | |
| 丛书名: | ||
| 单 册: | ||
| 中图分类: | G812.54 | |
| 科图分类: | 39.93 | |
| 主题词: | 体育--高等学校--教材 | |
| 电子资源: | ||
| ISBN: | 7-5614-0145-0 | |
| 000 | 00724nam0 2200253 45 | |
| 001 | 0188008467 | |
| 005 | 20061105160007.78 | |
| 010 | @a7-5614-0145-0@dCNY5.50 | |
| 020 | @aCN@b88008467 | |
| 100 | @a19910415d1988 m y0chiy0120 ea | |
| 101 | 0 | @achi |
| 102 | @aCN@b510000 | |
| 105 | @ay z 000yy | |
| 106 | @az | |
| 200 | 10 | @a高校体育@Agao xiao ti yu@f四川省教委等编@Fsi chuan sheng jiao wei deng bian |
| 210 | @a成都@c四川大学出版社@d1988.8 | |
| 215 | @a246页@d26厘米 | |
| 540 | 1 | @a高校体育@Agao xiao ti yu |
| 606 | @a体育@x高等学校@x教材 | |
| 690 | @aG812.54@v1980 | |
| 692 | @a39.93@v1974 | |
| 711 | 02 | @a四川省教委@Asi chuan sheng jiao wei@4编 |
| 801 | 0 | @aCN@bTSSF@c20061105 |
| 905 | @a10447@dG812.54@e25 | |
| 高校体育/四川省教委等编.-成都:四川大学出版社,1988.8 |
| 246页;26厘米 |
| ISBN 7-5614-0145-0:CNY5.50 |
| ● |
| 相关链接 |
|
|
|
|
正题名:高校体育
索取号:G812.54/25
 
预约/预借
| 序号 | 登录号 | 条形码 | 馆藏地/架位号 | 状态 | 备注 |
| 1 | 0218487 | 000299518 | 第一样本阅览室/ [索取号:G812.54/25] | 在馆 |